000 00658nam a2200253Ia 4500
005 20260121155359.0
008 008 260114s9999 xx 000 0 eng d
020 _a9781315178837
037 _aEBOOK
040 _aCRL
040 _beng
040 _cCRL
041 _2eng
041 _aeng
084 _qCRL
100 _a Bertjan Doosje; Allard Feddes; Lars Nickolson; Liesbeth Mann
_91018802
245 0 _aPsychological Perspectives on Radicalization
260 _bTaylor and Francis
260 _c2020
856 _uhttp://www.taylorfrancis.com/books/9781315178837
942 _cEBOOK
999 _c1585621
_d1585621